International Migration from Gujarat : an exploratory analysis / (Record no. 36946)

MARC details
000 -LEADER
fixed length control field 00395nam a2200121Ia 4500
008 - FIXED-LENGTH DATA ELEMENTS--GENERAL INFORMATION
fixed length control field 220512s9999 xx 000 0 eng d
100 ## - MAIN ENTRY--PERSONAL NAME
Personal name Dhak, Bilap
245 #0 - TITLE STATEMENT
Title International Migration from Gujarat : an exploratory analysis /
Statement of responsibility, etc. Dhak, Bilap and Shah Amita
260 ## - PUBLICATION, DISTRIBUTION, ETC.
Place of publication, distribution, etc. Ahemdabad :
Name of publisher, distributor, etc. Gujrat Institute of Development Research,
Date of publication, distribution, etc. Sep-11
546 ## - LANGUAGE NOTE
Language note English
700 ## - ADDED ENTRY--PERSONAL NAME
Personal name Shah Amita
942 ## - ADDED ENTRY ELEMENTS (KOHA)
Koha item type Research Papers
Holdings
Withdrawn status Lost status Damaged status Not for loan Collection code Home library Current library Date acquired Total Checkouts Barcode Date last seen Price effective from Koha item type
        Working Papers NASSDOC Library NASSDOC Library 12/05/2022   P1201 12/05/2022 12/05/2022 Research Papers